000 00683nam a2200229 a 4500
999 _c2756
_d2756
001 2756
003 BD-JhCC
005 20171106181748.0
008 171106s1976 bg |||| ||a| 000 0 ben d
035 _a(BD-JhCC)2756
040 _aBD-JhCC
_dBD-JhCC
041 _aben
082 _a891.443
_bKRI 1976
100 _aকৃষনচন্দর,
245 _aলন্ডনের সাতরং /
_cকৃষনচন্দর
260 _aঢাকা :
_bমুক্তধারা,
_c১৯৭৬.
300 _a100 p. :
_c21 cm.
650 _aNovel
700 _aশামীম, এ. বি.এম কামাল উদ্দিন
942 _2ddc
_cBK